The principal as leader

Saved in:
Bibliographic Details
Other Authors: Hughes, Larry W. 1931- (Editor)
Format: Book
Language:English
Published: New York : Merrill, 1994
Subjects:
Tags: Add Tag
No Tags, Be the first to tag this record!

MARC

LEADER 00000nam a2200000 i 4500
001 1/95491
008 991207s1994 eng d
020 |a 0-02-358441-6 
035 |l 10055340 
040 |a GR-MY-UA  |b gre  |e aacr 
041 0 |a eng 
082 0 |a 371.2012 
245 1 4 |a The principal as leader /  |c Larry W. Hughes, editor 
260 |a New York :   |b Merrill,   |c 1994 
300 |a 342 p. 
650 0 0 |a School principals  |z United States. 
650 0 0 |a Educational leadership  |z United States. 
650 0 0 |a School mamagement and organization  |z United States. 
650 0 0 |a School personnel manegement  |z United States. 
700 1 |a Hughes, Larry W.  |d 1931-  |4 edt 
852 |a INST  |b RHODES  |e 19991207  |h 371.2012 PRI  |p 005400012494  |q 005400012494  |t BK  |y 0 
901 |a BIBL4-1999-3 
909 |a Ρ  |b 069169 
922 |a 4ΕΛΗ  |b 199909  |c ΚΠΣ/154  |d GLORY BOOKS 
970 |a ΚΟΥΛΑΚΙΟΤΗ  |b ΛΙΤΣΑ  |z 1999/12/07